000 00895cam a2200253 a 4500
001 13512420
003 OSt
005 20140502155544.0
008 040305s2007 slv spa
040 _aDLC
_cBMC
_dDLC
082 _a346.0157284026
082 _a362.82927284
110 1 _917005
_aEl Salvador
_tLey procesal de familia, 1994
245 1 0 _aLey procesal de familia ; Ley contra la violencia intrafamiliar
_b: (con sus reformas)
_ceditor, Ricardo Mendoza Orantes
250 _a9ª ed
260 _aSan Salvador
_bEditorial Jurídica Salvadoreña
_c2007
300 _a78 p.
_c22 cm
500 _aDatos tomados de la cub.
500 _aEn la port.: República de El Salvador
650 2 4 _aDerecho de familia
_zEl Salvador
_917007
_vLegislación
650 2 4 _aViolencia en la familia
_zEl Salvador
_917008
700 1 _92370
_aMendoza Orantes, Ricardo Alberto‏
942 _2ddc
_cBK
999 _c9044
_d9044